| 000 | 00954cam a2200289 4500 | ||
|---|---|---|---|
| 001 | M97999 | ||
| 008 | 090401t1999 xxu||||| |||| 00| 0 eng d | ||
| 035 | _a(Sirsi) u92695 | ||
| 041 | _aeng | ||
| 050 | _a333.007 | ||
| 110 |
_aRoyal Institution of Chartered Surveyors _94900 |
||
| 245 | _aEducation Taskforce report to General Council : a consultation paper. | ||
| 260 |
_aLondon _bRICS _c1999 |
||
| 300 | _a37p. ; 30cm. | ||
| 350 | _a0 | ||
| 520 | _aConsultation paper. Comments to be received by 31 March 1999. Part of the Agenda for Change initiative. | ||
| 650 | _aAGENDA FOR CHANGE | ||
| 650 | _aCONTINUING PROFESSIONAL DEVELOPMENT | ||
| 650 | _aCPD | ||
| 650 | _aCAREERS, EDUCATION AND TRAINING | ||
| 650 | _aRICS EDUCATION TASKFORCE | ||
| 650 | _aCAREERS, EDUCATION AND TRAINING | ||
| 690 | _aMANAGEMENT-BUSINESS MANAGEMENT-PROFESSIONAL PRACTICE | ||
| 700 |
_aGilbertson, Barry _xChairman |
||
| 942 | _n0 | ||
| 948 | _c13/04/1999 | ||
| 999 |
_c97772 _d97772 |
||